000 00894nam a2200253Ia 4500
003 OSt
005 20220923211233.0
006 a|||||r|||| 00| 0
007 ta
008 Pun
020 _a9788171435074 (hbk)
_c120
024 _a246,909
037 _b7830/X, 31/01/2011, Arsee Publishers
_cTextual
040 _aARTS
_cARTS
_bPun
041 _2Pun
_aPun
082 _aO153,3M97,KH:g, Q0
100 _aਜਗਦੀਪ ਸਿੰਘ, ਥਦ.
_9156363
245 0 _aਕੋਈ ਹਰਿਆ ਬੂਟ ਰਹਿਓ ਰੀ < ਇਕ ਵਿFਲੇFਣ
260 _aਅੰਮ੍ਰਿਤਸਰ
_b ਰਵੀ ਸਾਹਿਤ ਪ੍ਰਕਾFਨ
_c2010
300 _a111ਪੰ
_ccm.
650 _aਪੰਜਾਬੀ ਸਾਹਿਤ
942 _hO153,3M97,KH:g, Q0
_cTEXL
_2CC
999 _c297439
_d297439